<?xml version="1.0" encoding="UTF-8"?>
<record
    xmlns:xsi="http://www.w3.org/2001/XMLSchema-instance"
    xsi:schemaLocation="http://www.loc.gov/MARC21/slim http://www.loc.gov/standards/marcxml/schema/MARC21slim.xsd"
    xmlns="http://www.loc.gov/MARC21/slim">

  <leader>01668nam a22002177a 4500</leader>
  <controlfield tag="005">20241113154533.0</controlfield>
  <controlfield tag="008">240801b           ||||| |||| 00| 0 eng d</controlfield>
  <datafield tag="020" ind1=" " ind2=" ">
    <subfield code="a">9788195680764</subfield>
  </datafield>
  <datafield tag="040" ind1=" " ind2=" ">
    <subfield code="c">AL</subfield>
  </datafield>
  <datafield tag="041" ind1=" " ind2=" ">
    <subfield code="a">English</subfield>
  </datafield>
  <datafield tag="082" ind1=" " ind2=" ">
    <subfield code="2">23</subfield>
    <subfield code="a">378.04</subfield>
    <subfield code="b">PAIE</subfield>
  </datafield>
  <datafield tag="100" ind1=" " ind2=" ">
    <subfield code="a">William Pais</subfield>
    <subfield code="9">185265</subfield>
  </datafield>
  <datafield tag="245" ind1=" " ind2=" ">
    <subfield code="a">Echoes of the Corridors: A Portrait of St Aloysius College</subfield>
  </datafield>
  <datafield tag="260" ind1=" " ind2=" ">
    <subfield code="a">Mangalore</subfield>
    <subfield code="b">Aloysius Prakashana</subfield>
    <subfield code="c">2023</subfield>
  </datafield>
  <datafield tag="300" ind1=" " ind2=" ">
    <subfield code="a">239 p.</subfield>
    <subfield code="b">HB</subfield>
    <subfield code="c">30x30cm.</subfield>
  </datafield>
  <datafield tag="520" ind1=" " ind2=" ">
    <subfield code="a">The book takes readers on a nostalgic journey through time, recounting the remarkable milestones and epoch-making developments that have shaped the college's illustrious history. Each page is adorned with a collection of carefully curated photographs, immortalizing the bygone era and evoking cherished memories for all who have walked the corridors of St Aloysius College.
The descriptive text accompanying the photographs weaves a compelling narrative, painting a vivid picture of the college's evolution and growth. It presents an insightful account of the institution's profound impact on its students, faculty, and the community at large.
'Echoes of the Corridor' is more than a coffee table book; it is a celebration of the enduring spirit of St Aloysius College, a testament to its rich heritage, and a tribute to the countless lives it has touched. With its exceptional quality and content, it leaves a lasting impression on all who turn its pages, leaving them with a renewed sense of pride and nostalgia for their alma mater.</subfield>
  </datafield>
  <datafield tag="650" ind1=" " ind2=" ">
    <subfield code="a">St Aloysius College History</subfield>
    <subfield code="9">174787</subfield>
  </datafield>
  <datafield tag="650" ind1=" " ind2=" ">
    <subfield code="a"> South Kanara/ South Canara</subfield>
    <subfield code="9">185266</subfield>
  </datafield>
  <datafield tag="700" ind1=" " ind2=" ">
    <subfield code="a">PAIS (William)</subfield>
    <subfield code="9">174788</subfield>
  </datafield>
  <datafield tag="942" ind1=" " ind2=" ">
    <subfield code="2">ddc</subfield>
    <subfield code="c">DB</subfield>
  </datafield>
  <datafield tag="999" ind1=" " ind2=" ">
    <subfield code="c">231545</subfield>
    <subfield code="d">231545</subfield>
  </datafield>
  <datafield tag="952" ind1=" " ind2=" ">
    <subfield code="0">0</subfield>
    <subfield code="1">0</subfield>
    <subfield code="2">ddc</subfield>
    <subfield code="4">0</subfield>
    <subfield code="7">4</subfield>
    <subfield code="8">OTH</subfield>
    <subfield code="a">AL</subfield>
    <subfield code="b">AL</subfield>
    <subfield code="d">2024-08-26</subfield>
    <subfield code="l">0</subfield>
    <subfield code="o">378.04 PAIE</subfield>
    <subfield code="p">D06188</subfield>
    <subfield code="r">2024-08-01 00:00:00</subfield>
    <subfield code="w">2024-08-01</subfield>
    <subfield code="y">DB</subfield>
  </datafield>
  <datafield tag="952" ind1=" " ind2=" ">
    <subfield code="0">0</subfield>
    <subfield code="1">0</subfield>
    <subfield code="2">ddc</subfield>
    <subfield code="4">0</subfield>
    <subfield code="7">3</subfield>
    <subfield code="8">OTH</subfield>
    <subfield code="a">AL</subfield>
    <subfield code="b">AL</subfield>
    <subfield code="d">2024-08-26</subfield>
    <subfield code="l">0</subfield>
    <subfield code="o">378.04 PAIE</subfield>
    <subfield code="p">D06189</subfield>
    <subfield code="r">2024-08-01 00:00:00</subfield>
    <subfield code="w">2024-08-01</subfield>
    <subfield code="y">DB</subfield>
  </datafield>
</record>
